Till They Have Faces: (Record no. 1725)
[ view plain ]
| 000 -LEADER | |
|---|---|
| fixed length control field | 00569nam a2200217Ia 4500 |
| 005 - DATE AND TIME OF LATEST TRANSACTION | |
| control field | 20250217045320.0 |
| 008 - FIXED-LENGTH DATA ELEMENTS--GENERAL INFORMATION | |
| fixed length control field | 240331s9999 xx 000 0 und d |
| 020 ## - INTERNATIONAL STANDARD BOOK NUMBER | |
| ISBN | 9679973220 |
| 082 ## - DDC Classification | |
| Item Number - Author Mark | WEL |
| DDC Edition Number | 291 |
| Class No. | 305.4 |
| 100 ## - MAIN ENTRY--PERSONAL NAME | |
| Personal name | Wells, T |
| 100 ## - MAIN ENTRY--PERSONAL NAME | |
| Personal name | Sim, F. G |
| 245 #0 - TITLE STATEMENT | |
| Title | Till They Have Faces: |
| Remainder of title | Women as Consumers |
| 260 ## - PUBLICATION, DISTRIBUTION, ETC. | |
| Place of publication, distribution, etc. | Malaysia |
| Name of publisher, distributor, etc. | International Organization of Consumers Unions |
| Date of publication, distribution, etc. | 1987 |
| 260 ## - PUBLICATION, DISTRIBUTION, ETC. | |
| Place of publication, distribution, etc. | Rome |
| Name of publisher, distributor, etc. | Isis International |
| Date of publication, distribution, etc. | 1987 |
| 300 ## - PHYSICAL DESCRIPTION | |
| Extent (e.g. Volumes, Pages etc.) | 133 p., |
| 650 ## - SUBJECT ADDED ENTRY--TOPICAL TERM | |
| Topical term or geographic name entry element | Women |
| 650 ## - SUBJECT ADDED ENTRY--TOPICAL TERM | |
| Topical term or geographic name entry element | Health |
| 650 ## - SUBJECT ADDED ENTRY--TOPICAL TERM | |
| Topical term or geographic name entry element | Technology |
| 650 ## - SUBJECT ADDED ENTRY--TOPICAL TERM | |
| Topical term or geographic name entry element | Transport |
| 942 ## - Koha item type (Biblio) | |
| Koha item type | Books in Stacks (Lending) |
| Lost status | Damaged status | Collection code | Home library | Current library | Shelving location | Date acquired | Full call number | Accession Number | Item type |
|---|---|---|---|---|---|---|---|---|---|
| Lending | WERC Library | WERC Library | Social Science Cupboard | 03/31/2024 | 305.4 WEL | 291 | Books in Stacks (Lending) |
